000 00298nam a22001337a 4500
008 170208b xxu||||| |||| 00| 0 eng d
020 _a9780323054065
041 _aeng
080 _22ND
_a61
100 _a4
101 _aSHM
245 _aPHARMACOLOGY/ MEMORY NOTECARDS
_cZERWEKH
942 _2udc
_cBK
999 _c4968
_d4968